Vista normal Vista MARC

Entrada Corporate Name

Número de registros utilizados en: 1

001 - CONTROL NUMBER

  • control field: 40668

003 - CONTROL NUMBER IDENTIFIER

  • control field: OSt

005 - DATE AND TIME OF LATEST TRANSACTION

  • control field: 20210921124400.0

008 - FIXED-LENGTH DATA ELEMENTS

  • fixed length control field: 210921|| aca||aabn | a|a d

040 ## - CATALOGING SOURCE

  • Original cataloging agency: OSt
  • Transcribing agency: OSt

110 ## - HEADING--CORPORATE NAME

  • Corporate name or jurisdiction name as entry element: Distretti Italiani, Ministero dello Sviluppo Economico

670 ## - SOURCE DATA FOUND

  • Source citation: Work cat.: (OSt)8606: 17763, Osservatorio nazionale distretti italiani / , 2010